[Event "Bethune op-B 25th"]
[Site "Bethune"]
[Date "2004.12.30"]
[Round "7"]
[White "Donnat, Jean"]
[Black "Brutin, Jessy"]
[Result "0-1"]
[WhiteElo "1370"]
[BlackElo "1780"]
[PlyCount "42"]
[EventDate "2004.12.26"]
[EventType "swiss"]
[EventRounds "7"]
[EventCountry "FRA"]
[SourceTitle "EXT 2006"]
[Source "ChessBase"]
[SourceDate "2005.11.24"]
[SourceVersion "1"]
[SourceVersionDate "2005.11.24"]
[SourceQuality "1"]

1. c4 Nf6 2. Nc3 d5 3. cxd5 Nxd5 4. g3 g6 5. Bg2 Nxc3 6. bxc3 Bg7 7. Nf3 0-0 8. 0-0 e5 9. Qc2 Re8 10. d3 c5 11. Nd2 Qc7 12. Rb1 Nc6 13. Ne4 b6 14. d4 exd4 15. cxd4 Nxd4 16. Bf4 Qxf4 17. gxf4 Nxc2 18. Nd6 Rd8 19. Nxf7 Kxf7 20. Bxa8 Bg4 21. e3 Rxa8 0-1

[Event "Bethune op-B 25th"]
[Site "Bethune"]
[Date "2004.12.29"]
[Round "6"]
[White "Brutin, Jessy"]
[Black "Lefebvre, Jean Pierre"]
[Result "1-0"]
[WhiteElo "1780"]
[BlackElo "1620"]
[PlyCount "41"]
[EventDate "2004.12.26"]
[EventType "swiss"]
[EventRounds "7"]
[EventCountry "FRA"]
[SourceTitle "EXT 2006"]
[Source "ChessBase"]
[SourceDate "2005.11.24"]
[SourceVersion "1"]
[SourceVersionDate "2005.11.24"]
[SourceQuality "1"]

1. e4 c5 2. c3 e6 3. d4 cxd4 4. cxd4 d5 5. e5 Qb6 6. f4 Nc6 7. Nf3 Bd7 8. Nc3 Nge7 9. Na4 Qc7 10. Be2 Nf5 11. 0-0 Be7 12. a3 0-0 13. Nc3 a6 14. Qd3 Na5 15. g4 Nh6 16. Ng5 g6 17. Qh3 Kg7 18. f5 exf5 19. Qxh6+ Kxh6 20. Ne6+ Bg5 21. Bxg5# 1-0